[Event "Stein am Rhien op 14th"]
[Site "Stein am Rhien"]
[Date "2023.04.29"]
[Round "3"]
[White "Boschetti, Claudio"]
[Black "Gevorgyan, Grigor"]
[Result "1-0"]
[WhiteElo "1978"]
[BlackElo "1736"]
[PlyCount "105"]
[EventDate "2023.04.28"]
[EventType "swiss"]
[EventRounds "5"]
[EventCountry "SUI"]
[SourceTitle "CBM 214 Extra"]
[Source "ChessBase"]
[SourceDate "2023.07.31"]
[SourceVersion "1"]
[SourceVersionDate "2023.07.31"]
[SourceQuality "1"]

1. e4 b6 2. d4 Bb7 3. Nc3 e6 4. a3 d5 5. e5 c5 6. Nf3 Qd7 7. Ne2 Ba6 8. c3 Ne7 9. h4 h5 10. b4 Nf5 11. Ng3 Bxf1 12. Rxf1 Nc6 13. Nxf5 exf5 14. Be3 c4 15. g3 0-0-0 16. Qc2 Be7 17. a4 f6 18. a5 b5 19. a6 Rde8 20. Kd2 Bd8 21. exf6 Bxf6 22. Rfb1 g6 23. Ne1 Nd8 24. Ra5 Ne6 25. f4 Nc7 26. Nf3 Re6 27. Ne5 Bxe5 28. dxe5 Kb8 29. Rba1 Ree8 30. Bc5 Ne6 31. Bd6+ Nc7 32. Rd1 Rc8 33. Kc1 Ka8 34. Qg2 Rhd8 35. Rd4 Qc6 36. Ra2 Ne8 37. Rxd5 Nxd6 38. exd6 Kb8 39. Ra5 Ka8 40. Raxb5 Rb8 41. Rxb8+ Kxb8 42. b5 Qb6 43. Rd2 Kc8 44. Qc6+ Kb8 45. Qxb6+ axb6 46. Kb2 Rd7 47. Ka3 Kc8 48. Kb4 Ra7 49. Kxc4 Kd7 50. Kd5 Ra8 51. Re2 Rc8 52. Re7+ Kd8 53. a7 1-0

[Event "Stein am Rhien op 14th"]
[Site "Stein am Rhien"]
[Date "2023.04.29"]
[Round "2"]
[White "Guyer, Marlon1"]
[Black "Boschetti, Claudio"]
[Result "1/2-1/2"]
[WhiteElo "1709"]
[BlackElo "1978"]
[PlyCount "104"]
[EventDate "2023.04.28"]
[EventType "swiss"]
[EventRounds "5"]
[EventCountry "SUI"]
[SourceTitle "CBM 214 Extra"]
[Source "ChessBase"]
[SourceDate "2023.07.31"]
[SourceVersion "1"]
[SourceVersionDate "2023.07.31"]
[SourceQuality "1"]

1. e4 e5 2. Nf3 Nc6 3. Bb5 Bc5 4. 0-0 Qf6 5. Nc3 Nd4 6. Nxd4 exd4 7. Nd5 Qd8 8. Bc4 c6 9. Nf4 d6 10. Nh5 g6 11. Ng3 h5 12. d3 Bg4 13. f3 Be6 14. Bxe6 fxe6 15. f4 h4 16. Nh1 Qd7 17. f5 gxf5 18. exf5 exf5 19. Bg5 Ne7 20. Qf3 0-0-0 21. Bxe7 Qxe7 22. Qxf5+ Qd7 23. Qxd7+ Rxd7 24. Rae1 Rg7 25. Re2 Kd7 26. Rf3 d5 27. Nf2 Bd6 28. Nh3 Rh6 29. Nf2 Re6 30. Rxe6 Kxe6 31. Rh3 Be7 32. g3 c5 33. Kf1 hxg3 34. Rxg3 Rf7 35. Ke2 Bh4 36. Rf3 Rg7 37. Rh3 Bg5 38. Rg3 Kf5 39. Rf3+ Kg6 40. Rg3 Re7+ 41. Kf1 Re3 42. Nh3 Rxg3 43. hxg3 Bc1 44. b3 b5 45. Kf2 Kf5 46. Kf3 c4 47. Nf4 Ke5 48. Ng6+ Kd6 49. g4 a5 50. Nf4 Ke5 51. Ng6+ Kf6 52. Nf4 Ke5 1/2-1/2

[Event "Locarno op 8th"]
[Site "Locarno"]
[Date "2023.04.21"]
[Round "1"]
[White "Boschetti, Claudio"]
[Black "Borgia, Enrico"]
[Result "1-0"]
[WhiteElo "1978"]
[BlackElo "1342"]
[PlyCount "65"]
[EventDate "2023.04.21"]
[EventType "swiss"]
[EventRounds "5"]
[EventCountry "SUI"]
[SourceTitle "CBM 214 Extra"]
[Source "ChessBase"]
[SourceDate "2023.07.31"]
[SourceVersion "1"]
[SourceVersionDate "2023.07.31"]
[SourceQuality "1"]

1. e4 c6 2. Nf3 d5 3. Nc3 Bg4 4. h3 Bxf3 5. Qxf3 e6 6. d3 Nd7 7. Qg3 d4 8. Nd1 e5 9. Be2 Ngf6 10. 0-0 h6 11. f4 Qe7 12. c3 c5 13. fxe5 Nxe5 14. cxd4 cxd4 15. Bd2 Nc6 16. Rc1 g6 17. b4 a6 18. a4 Bg7 19. b5 axb5 20. axb5 Ne5 21. Bf4 Nfd7 22. Rc7 b6 23. Kh1 0-0 24. Qh2 Qb4 25. Qg1 Ra5 26. Nf2 Nc5 27. Rb1 Qa4 28. Re7 f6 29. Qc1 g5 30. Bxe5 fxe5 31. Ng4 Rxb5 32. Ra1 Nb3 33. Rxg7+ 1-0

[Event "Schaffhausen op"]
[Site "Schaffhausen"]
[Date "2023.03.11"]
[Round "2"]
[White "Aragonda, Sahasra"]
[Black "Boschetti, Claudio"]
[Result "0-1"]
[WhiteElo "1184"]
[BlackElo "2004"]
[PlyCount "74"]
[EventDate "2023.03.10"]
[EventType "swiss"]
[EventRounds "5"]
[EventCountry "SUI"]
[SourceTitle "EXT 2024"]
[Source "ChessBase"]
[SourceDate "2023.10.10"]
[SourceVersion "1"]
[SourceVersionDate "2023.10.10"]
[SourceQuality "1"]

1. e4 e5 2. Bc4 Nf6 3. d4 exd4 4. Nf3 Nc6 5. 0-0 Nxe4 6. Re1 d5 7. Bxd5 Qxd5 8. Nc3 Qa5 9. Nxe4 Be6 10. Bf4 0-0-0 11. Qe2 h6 12. Bd2 Qd5 13. c3 d3 14. Qd1 Bg4 15. h3 Bh5 16. Bf4 f5 17. Ng3 Bxf3 18. Qxf3 Qxf3 19. gxf3 g5 20. Bd2 f4 21. Nf5 Rd5 22. Nd4 Nxd4 23. cxd4 Bg7 24. Rac1 Bxd4 25. b3 Rhd8 26. Re6 Re5 27. Rxe5 Bxe5 28. Kf1 Bd4 29. Rd1 b6 30. Kg1 c5 31. Rc1 Re8 32. b4 Re2 33. Bc3 Bxc3 34. Rxc3 d2 35. Rd3 Re1+ 36. Kg2 d1Q 37. Rxd1 Rxd1 0-1

[Event "Schaffhausen op"]
[Site "Schaffhausen"]
[Date "2023.03.10"]
[Round "1"]
[White "Boschetti, Claudio"]
[Black "Steiner, Mario"]
[Result "1/2-1/2"]
[WhiteElo "2004"]
[BlackElo "1578"]
[PlyCount "75"]
[EventDate "2023.03.10"]
[EventType "swiss"]
[EventRounds "5"]
[EventCountry "SUI"]
[SourceTitle "EXT 2024"]
[Source "ChessBase"]
[SourceDate "2023.10.10"]
[SourceVersion "1"]
[SourceVersionDate "2023.10.10"]
[SourceQuality "1"]

1. e4 e5 2. Bc4 Nc6 3. Nf3 Nf6 4. d4 exd4 5. 0-0 d6 6. c3 dxc3 7. Nxc3 h6 8. h3 Be7 9. Re1 0-0 10. Bf4 Re8 11. a3 Bf8 12. Qb3 Re7 13. Qa2 Be6 14. Nd5 Re8 15. Rad1 Na5 16. Bd3 c6 17. Bb1 Rc8 18. b4 cxd5 19. exd5 Bxd5 20. Rxd5 Rxe1+ 21. Nxe1 Nxd5 22. Qxd5 Qf6 23. Qe4 g6 24. bxa5 d5 25. Qe3 Rc3 26. Qd2 Bxa3 27. Nd3 h5 28. Qe3 Bd6 29. Bxd6 Qxd6 30. g3 d4 31. Qe8+ Qf8 32. Qd7 Qa3 33. Qd8+ Kh7 34. Qe8 Qb3 35. Kg2 Qxb1 36. Qxf7+ Kh8 37. Nf4 Rc7 38. Qf8+ 1/2-1/2

[Event "Basel Carnival op"]
[Site "Basel"]
[Date "2023.02.25"]
[Round "3"]
[White "Boschetti, Claudio"]
[Black "Hermann, Tobias"]
[Result "0-1"]
[WhiteElo "1992"]
[BlackElo "2071"]
[PlyCount "102"]
[EventDate "2023.02.24"]
[EventType "swiss"]
[EventRounds "5"]
[EventCountry "SUI"]
[SourceTitle "CBM 213 Extra"]
[Source "ChessBase"]
[SourceDate "2023.05.31"]
[SourceVersion "1"]
[SourceVersionDate "2023.05.31"]
[SourceQuality "1"]

1. e4 e5 2. Bc4 Nc6 3. Nf3 Bc5 4. d4 Bxd4 5. Nxd4 Nxd4 6. Be3 Ne6 7. Bxe6 dxe6 8. Qg4 Qf6 9. Nc3 Bd7 10. 0-0-0 0-0-0 11. f4 exf4 12. e5 Qg6 13. Qxf4 Kb8 14. Rxd7 Rxd7 15. Qa4 Kc8 16. Qxa7 Rd5 17. Qa8+ Kd7 18. Nxd5 exd5 19. Rd1 f6 20. e6+ Kxe6 21. Qd8 Qxg2 22. Re1 g5 23. Bc5+ Kf5 24. h4 g4 25. Qd7+ Kg6 26. Qe8+ Kf5 27. Qh5+ Kf4 28. Be3+ Kg3 29. Rg1 Qxg1+ 30. Bxg1 Ne7 31. Qf7 Ng6 32. Qxf6 Rf8 33. Qc3+ Kg2 34. Bc5 Rf1+ 35. Kd2 b6 36. Be3 Nxh4 37. Qd3 Nf3+ 38. Kc3 Re1 39. Bf4 Re4 40. Qxd5 Rxf4 41. Qd7 Rc4+ 42. Kb3 h5 43. c3 h4 44. Qd3 Rc5 45. Qe2+ Kg3 46. a4 h3 47. a5 h2 48. Qd1 Rxa5 49. Qd7 h1Q 50. Qxc7+ Kg2 51. Qd7 Qh5 0-1